000 00423nam a22001097a 4500
008 110705t xxu||||| |||| 00| 0 eng d
010 _aCACMF74
245 _aCourt of Appeal Civil Misc. No. 15 OF 1998 Departed Asians Property Custodian Board Vs Jaffer Brothers Limited
260 _c1998
500 _aBefore: Manyindo, DCJ
999 _c4505
_d4505